| 000 | 01464naa a2200325 c 4500 | ||
|---|---|---|---|
| 001 | 33589 | ||
| 003 | ES-MaCES | ||
| 005 | 20190511040035.0 | ||
| 008 | 031009n2003 sp t 000 | spa d | ||
| 035 | _aCES20030004992v | ||
| 040 |
_aES-MaCES _bspa _cES-MaCES |
||
| 100 | 1 |
_aRevilla Esteve, Eugenia _921950 |
|
| 245 | 1 | 0 |
_aComentario a las modificaciones introducidas por la Directiva 2002/73/CE, de 23 de septiembre de 2002, en la aplicación del principio de igualdad de trato entre hombres y mujeres _cEugenia Revilla Esteve |
| 610 | 1 | 4 |
_aUnión Europea _tDirectiva que modifica la Directiva 76/204/CEE del Consejo relativa a la aplicación del principio de igualdad de trato entre hombres y mujeres en lo que se refiere al acceso al empleo, a la formación y a la promoción profesionales, y a las condiciones de trabajo _d2002 _95110 |
| 650 | 4 |
_acomentario _928971 |
|
| 650 | 4 |
_aDirectiva de la CE _929873 |
|
| 650 | 4 |
_acondiciones de trabajo _928327 |
|
| 650 | 4 |
_aascenso _928217 |
|
| 650 | 4 |
_aigualdad de oportunidades en el empleo _930649 |
|
| 650 | 4 |
_aigualdad de trato _930147 |
|
| 650 | 4 |
_atrabajadora _928413 |
|
| 650 | 4 |
_amujeres _928657 |
|
| 653 | 1 | 0 | _aMujer |
| 650 | 4 |
_927392 _aformación |
|
| 650 | 4 |
_a2002 _936519 |
|
| 773 | 0 |
_tJusticia laboral _gn. 14 (mayo 2003){55/866 R. 052644}; p. 35-59 _w(ES-MaCES)25844 _975433 |
|
| 902 | _aART Artículo de revista | ||
| 942 |
_2CES _cAR _h3.3. |
||
| 999 |
_c33589 _d33589 |
||